| 000 | 00781nam a2200265 a 4500 | ||
|---|---|---|---|
| 008 | |||
| 020 | _a0721650325 (hbk. ) | ||
| 049 | _aMAIN | ||
| 090 |
_aRB111 _bCOT |
||
| 100 | 1 | _aCotran, Ramzi S. | |
| 245 | 0 |
_aRobbins pathologic basis of disease / _cRamzi S. Cotran, Vinay Kumar [and] Stanely L. Robbins. |
|
| 250 | _a5th ed. | ||
| 260 |
_aPennsylvania : _bW.B. Saunders, _c1994. |
||
| 300 |
_axiv, 1400 p. : _b. ; _c28 cm. |
||
| 500 | _aIncludes bibliographic references. | ||
| 500 | _aIncludes index. | ||
| 650 | 1 | _aPathology. | |
| 700 | _aRobbins, Stanley L. | ||
| 700 | _aKumar, Vinay. | ||
| 907 |
_a.b10327368 _b11-09-15 _c18-02-13 |
||
| 003 | |||
| 005 | 20230123122152.0 | ||
| 040 | _cNUST | ||
| 942 |
_cBOOKS _kRB111 _mCOT |
||
| 999 |
_c128992 _d128992 |
||